[Event "SG Bubenr./Moehrendf. 1-SG Kirchehren./"]
[Site "?"]
[Date "2014.09.28"]
[Round "1.3"]
[White "Friedrich, Heinrich"]
[Black "Loellmann, Heinrich"]
[Result "1/2-1/2"]
[WhiteElo "1915"]
[BlackElo "1820"]
[PlyCount "74"]
[EventDate "2014.??.??"]
[WhiteTeam "SG Kirchehren./Eberm. 1"]
[BlackTeam "SG Bubenr./Möhrendf. 1"]

1. d4 d5 2. c4 e6 3. Nf3 Nf6 4. e3 Be7 5. Nc3 O-O 6. Bd2 c5 7. Bd3 cxd4 8. exd4
Nc6 9. Ne2 Nb4 10. Bxb4 Bxb4+ 11. Nc3 Qa5 12. Qc2 dxc4 13. Bxc4 b5 14. Bd3 Bb7
15. O-O Rac8 16. Rac1 Rfd8 17. a3 Bf8 18. Qe2 b4 19. axb4 Qxb4 20. Ne4 Bxe4 21.
Bxe4 Nxe4 22. Qxe4 Qxb2 23. Rb1 Qc3 24. Rb7 Rc7 25. h3 g6 26. Rfb1 Rdc8 27.
Rxc7 Rxc7 28. Qa8 Kg7 29. g3 Bb4 30. Qe4 a5 31. Qe5+ Kg8 32. Ng5 Qc6 33. Ne4
Be7 34. Rb8+ Rc8 35. Rxc8+ Qxc8 36. Qxa5 Qc1+ 37. Kh2 Qc6 1/2-1/2

[Event "SG Bubenr./Moehrendf. 1-SG Kirchehren./"]
[Site "?"]
[Date "2014.09.28"]
[Round "1.4"]
[White "Welsch, Andreas"]
[Black "Kotz, Roland"]
[Result "1/2-1/2"]
[WhiteElo "1789"]
[BlackElo "1633"]
[PlyCount "82"]
[EventDate "2014.??.??"]
[WhiteTeam "SG Bubenr./Möhrendf. 1"]
[BlackTeam "SG Kirchehren./Eberm. 1"]

1. e4 e5 2. Nf3 d6 3. Bc4 Be6 4. Bb3 Bxb3 5. axb3 Nf6 6. d3 Be7 7. O-O O-O 8.
Nc3 c5 9. Bg5 Nbd7 10. Ne2 Ng4 11. Bd2 f5 12. exf5 Rxf5 13. Ng3 Rf6 14. h3 Nh6
15. Qe2 Rg6 16. Ra2 a5 17. Rfa1 b6 18. b4 cxb4 19. Bxb4 Rc8 20. Bc3 Bh4 21.
Nxh4 Qxh4 22. Ra4 Qe7 23. Bd4 Qf7 24. Be3 Nc5 25. Rh4 Nf5 26. Nxf5 Qxf5 27. Rh5
Qf6 28. g4 Ne6 29. Kh2 Nf4 30. Bxf4 Qxf4+ 31. Kg2 Rf6 32. Rf1 g6 33. Rh4 Qg5
34. Kg3 Rcf8 35. f3 Qf4+ 36. Kg2 Qg5 37. Kg3 Qf4+ 38. Kg2 g5 39. Rh5 h6 40. h4
Kg7 41. hxg5 hxg5 1/2-1/2

[Event "SG Bubenr./Moehrendf. 1-SG Kirchehren./"]
[Site "?"]
[Date "2014.09.28"]
[Round "1.5"]
[White "Schneider, Norbert"]
[Black "Kretschmer, Wolfgang"]
[Result "1/2-1/2"]
[WhiteElo "1690"]
[BlackElo "1696"]
[PlyCount "32"]
[EventDate "2014.??.??"]
[WhiteTeam "SG Kirchehren./Eberm. 1"]
[BlackTeam "SG Bubenr./Möhrendf. 1"]

1. Nf3 Nf6 2. d4 g6 3. Nc3 d5 4. Bg5 Bg7 5. e3 O-O 6. Bd3 c6 7. O-O Nbd7 8. Re1
Re8 9. Ne2 c5 10. Ng3 c4 11. Bf1 b5 12. c3 a5 13. Rb1 Bb7 14. Bf4 Bc6 15. Ne5
Nxe5 16. Bxe5 Qd7 1/2-1/2

[Event "SG Bubenr./Moehrendf. 1-SG Kirchehren./"]
[Site "?"]
[Date "2014.09.28"]
[Round "1.6"]
[White "Lotter, Eduard"]
[Black "Kramer, Markus"]
[Result "1-0"]
[WhiteElo "1792"]
[BlackElo "1706"]
[PlyCount "67"]
[EventDate "2014.??.??"]
[WhiteTeam "SG Bubenr./Möhrendf. 1"]
[BlackTeam "SG Kirchehren./Eberm. 1"]

1. d4 d5 2. Nf3 e6 3. g3 Nf6 4. Bg2 Be7 5. O-O O-O 6. Bg5 Ne8 7. Bxe7 Qxe7 8.
Nc3 Nd7 9. e4 c6 10. Re1 Qd8 11. exd5 cxd5 12. Qd3 a6 13. a4 Rb8 14. b4 b6 15.
Ne2 Nd6 16. Nf4 h6 17. b5 a5 18. Rac1 Bb7 19. Nd2 Qf6 20. c4 Nxc4 21. Nxc4 dxc4
22. Rxc4 Bxg2 23. Kxg2 Rfd8 24. Qc3 Nf8 25. Re3 Ng6 26. Nxg6 Qxg6 27. Rc7 Qg4
28. Rf3 Rf8 29. h3 Qe4 30. Kh2 Rbd8 31. Rf4 Qe2 32. Qc6 g5 33. Qe4 Qd2 34.
Rfxf7 1-0

[Event "SG Bubenr./Moehrendf. 1-SG Kirchehren./"]
[Site "?"]
[Date "2014.09.28"]
[Round "1.7"]
[White "Thurn, Stephan"]
[Black "Mettal, Thomas"]
[Result "1-0"]
[WhiteElo "1889"]
[BlackElo "1667"]
[PlyCount "67"]
[EventDate "2014.??.??"]
[WhiteTeam "SG Kirchehren./Eberm. 1"]
[BlackTeam "SG Bubenr./Möhrendf. 1"]

1. d4 Nf6 2. Nf3 g6 3. g3 Bg7 4. Bg2 O-O 5. c4 d6 6. Nc3 c5 7. O-O Na6 8. e3
Bg4 9. h3 Bd7 10. Nd2 Qc8 11. Kh2 Bc6 12. d5 Bd7 13. e4 Nc7 14. a4 a6 15. a5
Rb8 16. Na4 Na8 17. f4 b5 18. axb6 Nxb6 19. Nc3 Ne8 20. Qe2 e6 21. e5 exd5 22.
cxd5 dxe5 23. fxe5 Bb5 24. Nxb5 axb5 25. Ra7 Nc7 26. d6 Ne6 27. Nf3 Nd7 28. Bg5
Nxg5 29. Nxg5 Nxe5 30. Nxf7 Nxf7 31. Rfxf7 Rxf7 32. Rxf7 Qe8 33. Re7 Qd8 34. d7
1-0

[Event "SG Bubenr./Moehrendf. 1-SG Kirchehren./"]
[Site "?"]
[Date "2014.09.28"]
[Round "1.8"]
[White "Wiesent, Karl"]
[Black "Hofmann, Johannes"]
[Result "1-0"]
[WhiteElo "1816"]
[BlackElo "1566"]
[PlyCount "83"]
[EventDate "2014.??.??"]
[WhiteTeam "SG Bubenr./Möhrendf. 1"]
[BlackTeam "SG Kirchehren./Eberm. 1"]

1. b4 e5 2. Bb2 d6 3. e3 Nf6 4. Nf3 Be7 5. Be2 O-O 6. O-O Bf5 7. Nh4 Be6 8. a3
d5 9. Nf3 e4 10. Nd4 Qd6 11. Nc3 Nc6 12. Ncb5 Qd7 13. Nxe6 fxe6 14. c4 a6 15.
Nc3 b6 16. Qc2 Nd8 17. f3 exf3 18. Bxf3 c6 19. Ne2 Nf7 20. Ng3 Ng5 21. Rad1
Nxf3+ 22. Rxf3 Rf7 23. e4 dxe4 24. Nxe4 Raf8 25. Ng5 Bd6 26. Nxf7 Rxf7 27. Rdf1
Be7 28. Be5 c5 29. Bc3 cxb4 30. axb4 Qc7 31. d3 Ng4 32. g3 Nf6 33. Qe2 Qc6 34.
Re3 a5 35. bxa5 bxa5 36. Rxe6 Qc7 37. d4 a4 38. c5 Qa7 39. Ra6 Qd7 40. Qe6 Qb5
41. Ra8+ Bf8 42. Ra7 1-0

[Event "SC Forchheim 3-SC NT Nuernberg 4"]
[Site "?"]
[Date "2014.09.28"]
[Round "1.1"]
[White "Krauss, Hermann"]
[Black "Wichmann, Adrian"]
[Result "1/2-1/2"]
[WhiteElo "1982"]
[BlackElo "1931"]
[PlyCount "83"]
[EventDate "2014.??.??"]
[WhiteTeam "SC NT Nürnberg 4"]
[BlackTeam "SC Forchheim 3"]

1. e4 c5 2. Nf3 g6 3. d4 cxd4 4. Nxd4 Bg7 5. c4 Nc6 6. Be3 Nf6 7. Nc3 O-O 8.
Be2 a5 9. Qd2 a4 10. O-O d6 11. f3 Bd7 12. Rac1 Qa5 13. Ndb5 Rfc8 14. Rfd1 Ne5
15. Na3 Nc6 16. c5 Be6 17. cxd6 Rd8 18. Nd5 Qxd2 19. Rxd2 exd6 20. Nc7 Rac8 21.
Nxe6 fxe6 22. Bb6 Bh6 23. Bxd8 Bxd2 24. Rxc6 Rxc6 25. Bxf6 Be3+ 26. Kf1 Rc1+
27. Bd1 Rxd1+ 28. Ke2 Rd2+ 29. Kxe3 Rxg2 30. h4 e5 31. Nc4 Kf7 32. Bd8 Ke6 33.
Bc7 b5 34. Nd2 Kd7 35. Ba5 Rh2 36. a3 Rxh4 37. Nf1 Rh1 38. Kf2 Rh4 39. Kg2 Rf4
40. Ne3 Rf8 41. Bb4 Rc8 42. Bc3 1/2-1/2

[Event "SC Forchheim 3-SC NT Nuernberg 4"]
[Site "?"]
[Date "2014.09.28"]
[Round "1.2"]
[White "Wagner, Robert"]
[Black "Maettig, Stefan"]
[Result "1-0"]
[WhiteElo "1916"]
[BlackElo "1925"]
[PlyCount "46"]
[EventDate "2014.??.??"]
[WhiteTeam "SC Forchheim 3"]
[BlackTeam "SC NT Nürnberg 4"]

1. d4 Nf6 2. c4 g6 3. Nc3 Bg7 4. e4 d6 5. f3 O-O 6. Be3 e5 7. d5 Ne8 8. Qd2 f5
9. O-O-O f4 10. Bf2 c5 11. dxc6 Nxc6 12. Nb5 Be6 13. Nxd6 Nxd6 14. Qxd6 Qe8 15.
Qa3 Qf7 16. Ne2 Rfc8 17. Nc3 Bf8 18. Bc5 Bxc5 19. Qxc5 b6 20. Qd6 Bxc4 21. Kb1
Bxf1 22. Rhxf1 Qc4 23. Nd5 a5 1-0

[Event "SC Forchheim 3-SC NT Nuernberg 4"]
[Site "?"]
[Date "2014.09.28"]
[Round "1.4"]
[White "Walter, Eugen"]
[Black "Loebel, Petra"]
[Result "0-1"]
[WhiteElo "1792"]
[BlackElo "1826"]
[PlyCount "64"]
[EventDate "2014.??.??"]
[WhiteTeam "SC Forchheim 3"]
[BlackTeam "SC NT Nürnberg 4"]

1. Nf3 d6 2. b3 e5 3. d3 Nc6 4. Bb2 Be6 5. Nbd2 g6 6. c4 Bg7 7. a3 h6 8. b4 Qd7
9. Nb3 f5 10. e3 Nge7 11. Qc2 O-O 12. O-O-O a5 13. b5 Nd8 14. a4 c6 15. Kb1
cxb5 16. axb5 a4 17. Nc1 a3 18. Bc3 b6 19. Na2 Nb7 20. d4 e4 21. Nd2 d5 22. Bb4
Rfc8 23. c5 bxc5 24. dxc5 d4 25. Nc4 d3 26. Qc1 Qxb5 27. Nb6 Bxa2+ 28. Kxa2
Qxb4 29. Nxa8 Rxa8 30. c6 Qb2+ 31. Qxb2 axb2+ 32. Kb3 Nxc6 0-1

[Event "SC Forchheim 3-SC NT Nuernberg 4"]
[Site "?"]
[Date "2014.09.28"]
[Round "1.5"]
[White "Rabenstein, Christian"]
[Black "Heinkelmann, Josef"]
[Result "1/2-1/2"]
[WhiteElo "1727"]
[BlackElo "1864"]
[PlyCount "46"]
[EventDate "2014.??.??"]
[WhiteTeam "SC NT Nürnberg 4"]
[BlackTeam "SC Forchheim 3"]

1. c4 c5 2. Nf3 Nc6 3. d4 cxd4 4. Nxd4 Nf6 5. Nc3 g6 6. e4 d6 7. f3 Bg7 8. Be3
O-O 9. Be2 Nxd4 10. Bxd4 Be6 11. O-O Nd7 12. Bxg7 Kxg7 13. Qd4+ f6 14. Nd5 Bxd5
15. exd5 a5 16. f4 Qb6 17. Qxb6 Nxb6 18. f5 g5 19. Rfe1 Nd7 20. Rac1 Rfc8 21.
Rc3 Rc7 22. Kf2 Rb8 23. h4 h6 1/2-1/2

[Event "SC Forchheim 3-SC NT Nuernberg 4"]
[Site "?"]
[Date "2014.09.28"]
[Round "1.6"]
[White "Radeck, Jochen"]
[Black "Hoffmann, Sebastian"]
[Result "0-1"]
[WhiteElo "1766"]
[BlackElo "1786"]
[PlyCount "92"]
[EventDate "2014.??.??"]
[WhiteTeam "SC Forchheim 3"]
[BlackTeam "SC NT Nürnberg 4"]

1. Nf3 Nc6 2. c4 e5 3. Nc3 d6 4. g3 f5 5. d3 Nf6 6. Bg2 h6 7. h4 Be6 8. e3 g6
9. Qe2 Qd7 10. d4 e4 11. Nd2 d5 12. cxd5 Nxd5 13. Nxd5 Bxd5 14. a3 Qe6 15. Bf1
Bd6 16. Nc4 Be7 17. Bd2 Nxd4 18. exd4 e3 19. Rh2 exd2+ 20. Nxd2 Qxe2+ 21. Bxe2
Bf6 22. Bf3 O-O-O 23. O-O-O Rd6 24. Bxd5 Rxd5 25. Nb3 Rhd8 26. Rhh1 Bxd4 27.
Nxd4 Rxd4 28. Rxd4 Rxd4 29. Re1 Kd7 30. Kc2 Kd6 31. Re3 c6 32. f4 Re4 33. Rd3+
Ke6 34. Kd2 c5 35. Kc3 b5 36. b3 a5 37. Kd2 Rd4 38. Rxd4 cxd4 39. Ke2 Kd5 40.
Kd3 b4 41. a4 h5 42. Ke2 Ke4 43. Kd2 d3 44. Kd1 Ke3 45. Ke1 d2+ 46. Kd1 Kd3 0-1

[Event "SC Forchheim 3-SC NT Nuernberg 4"]
[Site "?"]
[Date "2014.09.28"]
[Round "1.7"]
[White "Semenova, Alisa"]
[Black "Gagel, Roland"]
[Result "1-0"]
[WhiteElo "1641"]
[BlackElo "1780"]
[PlyCount "89"]
[EventDate "2014.??.??"]
[WhiteTeam "SC NT Nürnberg 4"]
[BlackTeam "SC Forchheim 3"]

1. e4 c5 2. Nc3 d6 3. g3 Nc6 4. Bg2 g6 5. d3 Bg7 6. Be3 e6 7. Qd2 Nd4 8. Nd1
Rb8 9. c3 Nc6 10. f4 b6 11. Nf3 Bb7 12. d4 Nge7 13. Nf2 Qc7 14. O-O O-O 15. h3
Rbd8 16. Qc2 Ba6 17. Rfd1 c4 18. g4 f5 19. Ng5 Qc8 20. d5 exd5 21. exd5 Nb8 22.
Ne6 Bb7 23. Nxf8 Rxf8 24. g5 Re8 25. Qd2 Na6 26. Bd4 Bxd4 27. Qxd4 Qc5 28. Qxc5
Nxc5 29. Rd4 b5 30. Re1 Kf7 31. Rb1 Nc8 32. Kf1 Na4 33. Nd1 Ne7 34. b3 cxb3 35.
axb3 Nc5 36. Ne3 Nc8 37. Kf2 Nb6 38. b4 Ne4+ 39. Bxe4 fxe4 40. Rc1 Bc8 41. h4
a6 42. c4 bxc4 43. Nxc4 Nxc4 44. Rdxc4 e3+ 45. Ke1 1-0

[Event "SC Forchheim 3-SC NT Nuernberg 4"]
[Site "?"]
[Date "2014.09.28"]
[Round "1.8"]
[White "Gueldner, Udo"]
[Black "Faralisz, Patrick"]
[Result "1/2-1/2"]
[WhiteElo "1802"]
[BlackElo "1687"]
[PlyCount "63"]
[EventDate "2014.??.??"]
[WhiteTeam "SC Forchheim 3"]
[BlackTeam "SC NT Nürnberg 4"]

1. d4 d5 2. Nf3 Nf6 3. e3 c5 4. c3 Bf5 5. Nbd2 h6 6. Bb5+ Nbd7 7. Ne5 a6 8.
Nxd7 Nxd7 9. Ba4 b5 10. Bc2 Bxc2 11. Qxc2 Rc8 12. Nf3 Nf6 13. O-O e6 14. Qe2
Be7 15. a4 Qb6 16. axb5 axb5 17. Bd2 O-O 18. Ra2 Ra8 19. Rfa1 Rxa2 20. Rxa2 c4
21. Qe1 Ne4 22. Qa1 b4 23. Ra6 Qb8 24. cxb4 Bxb4 25. Bxb4 Qxb4 26. Ra7 Rb8 27.
Ra8 g6 28. Rxb8+ Qxb8 29. Ne5 Kg7 30. f3 Nd2 31. Qa5 Nb3 32. Qa4 1/2-1/2

[Event "SG Bubenr./Moehrendf. 1-SC Forchheim 3"]
[Site "?"]
[Date "2014.10.12"]
[Round "2.2"]
[White "Kretschmer, Lorenz"]
[Black "Balle, Alfred"]
[Result "1-0"]
[WhiteElo "1925"]
[BlackElo "1851"]
[PlyCount "78"]
[EventDate "2014.??.??"]
[WhiteTeam "SG Bubenr./Möhrendf. 1"]
[BlackTeam "SC Forchheim 3"]

1. d4 Nf6 2. Nf3 e6 3. c4 b6 4. e3 Bb7 5. Bd3 d5 6. Nbd2 Nbd7 7. O-O Bd6 8. b3
O-O 9. Bb2 Ne4 10. Qc2 f5 11. Ne5 Nxe5 12. dxe5 Bb4 13. Nf3 c6 14. a3 Be7 15.
Rac1 Rc8 16. Rfd1 Qe8 17. Qe2 Nc5 18. Bc2 Ba6 19. Nd2 Ne4 20. Bd3 Nc5 21. b4
Nxd3 22. Qxd3 f4 23. exf4 Rxf4 24. g3 Rf8 25. Qb3 Qf7 26. f4 Rfd8 27. cxd5 Rxd5
28. Ne4 Rcd8 29. Rxd5 exd5 30. Nd2 Bb7 31. Bd4 h5 32. a4 h4 33. a5 hxg3 34.
hxg3 Qf8 35. axb6 axb6 36. Bxb6 Bxb4 37. Bxd8 Bxd2 38. Rc2 Be1 39. Qxb7 Qxd8
1-0

[Event "SG Bubenr./Moehrendf. 1-SC Forchheim 3"]
[Site "?"]
[Date "2014.10.12"]
[Round "2.3"]
[White "Walter, Eugen"]
[Black "Kramer, Manuel"]
[Result "0-1"]
[WhiteElo "1792"]
[BlackElo "1861"]
[PlyCount "108"]
[EventDate "2014.??.??"]
[WhiteTeam "SC Forchheim 3"]
[BlackTeam "SG Bubenr./Möhrendf. 1"]

1. Nf3 d5 2. b3 Nf6 3. Bb2 g6 4. e3 Bg7 5. Be2 O-O 6. O-O c5 7. c4 dxc4 8. bxc4
Nc6 9. d3 b6 10. a3 Bb7 11. Qc2 Qd7 12. Rd1 Rad8 13. Nbd2 Qc7 14. Nf1 e5 15.
Ng3 Rd7 16. Rd2 Rfd8 17. Rad1 Ne8 18. Ne1 f5 19. Bf3 Nf6 20. Bc3 Re7 21. Qb2
Rde8 22. Bd5+ Kh8 23. e4 Bh6 24. Re2 f4 25. Nf1 Bc8 26. f3 g5 27. Rb1 Nd4 28.
Rf2 g4 29. Bxd4 exd4 30. a4 gxf3 31. Nxf3 Ng4 32. Re2 Ne3 33. N1d2 Rg7 34. Ne1
Qe5 35. Ndf3 Qh5 36. Kh1 Bg4 37. a5 Nxg2 38. Rf2 Nxe1 39. Nxe1 f3 40. axb6 axb6
41. e5 Be3 42. Rxf3 Bxf3+ 43. Nxf3 Rd8 44. Qe2 Qg4 45. Qf1 Rg6 46. e6 Qf4 47.
e7 Re8 48. Qh3 Rxe7 49. Qc8+ Kg7 50. Rf1 Qg4 51. Qg8+ Kh6 52. Qf8+ Reg7 53. Ng5
Qxg5 54. Qxg7+ Kxg7 0-1

[Event "SG Bubenr./Moehrendf. 1-SC Forchheim 3"]
[Site "?"]
[Date "2014.10.12"]
[Round "2.4"]
[White "Welsch, Andreas"]
[Black "Heinkelmann, Josef"]
[Result "0-1"]
[WhiteElo "1789"]
[BlackElo "1864"]
[PlyCount "108"]
[EventDate "2014.??.??"]
[WhiteTeam "SG Bubenr./Möhrendf. 1"]
[BlackTeam "SC Forchheim 3"]

1. e4 c5 2. Nf3 Nc6 3. d4 cxd4 4. Nxd4 g6 5. Be3 Bg7 6. Nc3 Nf6 7. Qd2 O-O 8.
f3 d5 9. O-O-O dxe4 10. Nxc6 Qxd2+ 11. Rxd2 bxc6 12. Nxe4 Nxe4 13. fxe4 Be6 14.
b3 a5 15. a4 Be5 16. g3 Bd6 17. Be2 Rfb8 18. Kb2 Rb4 19. c4 Rab8 20. Kc2 Rxb3
21. Bd4 Ra3 22. Ra1 Rxa1 23. Bxa1 Rb4 24. c5 Bc7 25. Rd4 Bb3+ 26. Kd3 Rxd4+ 27.
Kxd4 e5+ 28. Kc3 Bxa4 29. Kb2 Kf8 30. Ka3 Bc2 31. Bf3 Ke7 32. Bc3 f6 33. Bd2
Bd3 34. Kb3 Kd8 35. h4 Kc8 36. Bh6 Bd8 37. Kc3 Bf1 38. Bf8 Kb7 39. Bd1 Ka6 40.
Bb3 Kb5 41. Bg8 h5 42. Bf7 a4 43. Bxg6 Ba5+ 44. Kb2 Be2 45. Be7 Be1 46. Bxf6
Bxg3 47. Be7 Bf2 48. Ka3 Bd1 49. Bf7 Bxc5+ 50. Bxc5 Kxc5 51. Be8 Kd4 52. Bxc6
Ke3 53. Kb2 Kf4 54. Kc3 Kg3 0-1

[Event "SG Bubenr./Moehrendf. 1-SC Forchheim 3"]
[Site "?"]
[Date "2014.10.12"]
[Round "2.5"]
[White "Radeck, Jochen"]
[Black "Kretschmer, Wolfgang"]
[Result "1/2-1/2"]
[WhiteElo "1766"]
[BlackElo "1696"]
[PlyCount "120"]
[EventDate "2014.??.??"]
[WhiteTeam "SC Forchheim 3"]
[BlackTeam "SG Bubenr./Möhrendf. 1"]

1. Nf3 Nf6 2. c4 g6 3. Nc3 Bg7 4. d4 d6 5. e4 O-O 6. h3 Nbd7 7. Be3 c5 8. d5
Nb6 9. Bd3 e5 10. Qd2 Ne8 11. g4 f6 12. O-O-O g5 13. Rdg1 h6 14. Nh2 Kf7 15.
Nf1 Rh8 16. Ng3 Bf8 17. f3 Ng7 18. h4 Be7 19. hxg5 fxg5 20. Rh3 h5 21. Nxh5
Rxh5 22. Rxh5 Nxh5 23. gxh5 Qh8 24. Qh2 Qh6 25. Ne2 Bd7 26. Ng3 Rg8 27. Bf1 Qf6
28. Kd2 Ke8 29. Be2 Qh6 30. b3 Nc8 31. a4 a6 32. Bf1 Bd8 33. Bh3 Qf6 34. Bxd7+
Kxd7 35. Qh3+ Kc7 36. Qf5 Qxf5 37. Nxf5 Ne7 38. Nxe7 Bxe7 39. f4 g4 40. f5 Bf6
41. Ke2 b5 42. axb5 axb5 43. Ra1 bxc4 44. bxc4 Rb8 45. Ra7+ Kd8 46. Rf7 Rb2+
47. Kf1 Bh4 48. Rg7 g3 49. Bg5+ Bxg5 50. Rxg5 Rh2 51. Kg1 Ke7 52. Rg7+ Kf8 53.
Rxg3 Rxh5 54. Rg6 Rh4 55. Rxd6 Rxe4 56. Re6 Rxc4 57. Rxe5 Rd4 58. Kf2 Kf7 59.
d6 Rxd6 60. Rxc5 Rd3 1/2-1/2

[Event "SG Bubenr./Moehrendf. 1-SC Forchheim 3"]
[Site "?"]
[Date "2014.10.12"]
[Round "2.6"]
[White "Lotter, Eduard"]
[Black "Gagel, Roland"]
[Result "0-1"]
[WhiteElo "1792"]
[BlackElo "1780"]
[PlyCount "88"]
[EventDate "2014.??.??"]
[WhiteTeam "SG Bubenr./Möhrendf. 1"]
[BlackTeam "SC Forchheim 3"]

1. d4 d5 2. Nf3 e6 3. g3 f5 4. Bg2 Nf6 5. O-O c6 6. Bg5 Be7 7. Nbd2 Ne4 8. Bxe7
Qxe7 9. Ne5 O-O 10. e3 Nd7 11. Ndf3 Ndf6 12. Qd3 Bd7 13. c4 Be8 14. Rac1 Bh5
15. a3 Bxf3 16. Bxf3 g5 17. b4 Nd7 18. Nxd7 Qxd7 19. b5 g4 20. Be2 h5 21. f3
gxf3 22. Bxf3 h4 23. Rc2 Kh8 24. Qe2 Rg8 25. Bxe4 fxe4 26. Qh5+ Qh7 27. Qxh7+
Kxh7 28. Kg2 Raf8 29. Rff2 Rxf2+ 30. Kxf2 Rf8+ 31. Ke2 hxg3 32. hxg3 Kg6 33.
bxc6 bxc6 34. cxd5 cxd5 35. Rc7 Rf7 36. Rxf7 Kxf7 37. Kd2 Kf6 38. Kc3 Kg5 39.
Kb4 Kg4 40. Kc5 Kxg3 41. Kd6 Kf3 42. Kxe6 Kxe3 43. Kxd5 Kf3 44. Kc6 e3 0-1

[Event "SG Bubenr./Moehrendf. 1-SC Forchheim 3"]
[Site "?"]
[Date "2014.10.12"]
[Round "2.7"]
[White "Osthof, Rudolf"]
[Black "Mettal, Thomas"]
[Result "1-0"]
[WhiteElo "1634"]
[BlackElo "1667"]
[PlyCount "73"]
[EventDate "2014.??.??"]
[WhiteTeam "SC Forchheim 3"]
[BlackTeam "SG Bubenr./Möhrendf. 1"]

1. Nf3 Nf6 2. d4 g6 3. g3 Bg7 4. Bg2 O-O 5. O-O d6 6. c4 c5 7. d5 e6 8. Nc3
exd5 9. Nxd5 Nxd5 10. Qxd5 Qc7 11. Bf4 Rd8 12. Rad1 Be6 13. Bxd6 Bxd5 14. Bxc7
Rc8 15. Rxd5 Rxc7 16. Rd8+ Bf8 17. Rfd1 Kg7 18. Ne5 Be7 19. Re8 Nc6 20. Rxa8
Nxe5 21. b3 b6 22. Rb8 Nd7 23. Rb7 Rxb7 24. Bxb7 Nf6 25. h3 Kf8 26. Bc6 h6 27.
e4 a5 28. e5 Ne8 29. Rd7 Ng7 30. Rb7 Bd8 31. Bd5 Ne6 32. Bxe6 fxe6 33. Kg2 g5
34. f4 gxf4 35. gxf4 h5 36. Kg3 h4+ 37. Kg4 1-0

[Event "SG Bubenr./Moehrendf. 1-SC Forchheim 3"]
[Site "?"]
[Date "2014.10.12"]
[Round "2.8"]
[White "Wiesent, Karl"]
[Black "Willy, Volker"]
[Result "1-0"]
[WhiteElo "1816"]
[BlackElo "1682"]
[PlyCount "57"]
[EventDate "2014.??.??"]
[WhiteTeam "SG Bubenr./Möhrendf. 1"]
[BlackTeam "SC Forchheim 3"]

1. b4 e5 2. Bb2 d6 3. e3 a6 4. Nf3 Nc6 5. a3 Be7 6. Be2 Nf6 7. O-O O-O 8. c4 h6
9. d4 exd4 10. Nxd4 Nxd4 11. exd4 Bf5 12. Bf3 Rb8 13. Nc3 c6 14. d5 c5 15. bxc5
dxc5 16. a4 Nd7 17. Be4 Bxe4 18. Nxe4 b6 19. Qf3 Re8 20. Rfe1 f6 21. Qf5 Bf8
22. f4 b5 23. axb5 axb5 24. Ra7 Re7 25. d6 Rf7 26. Qd5 bxc4 27. Bc3 Rb6 28.
Bxf6 gxf6 29. Rxd7 1-0

[Event "SV Lauf 1-SC NT Nuernberg 4"]
[Site "?"]
[Date "2014.10.12"]
[Round "2.1"]
[White "Krauss, Hermann"]
[Black "Hanisch, Friedrich"]
[Result "1/2-1/2"]
[WhiteElo "1982"]
[BlackElo "1987"]
[PlyCount "58"]
[EventDate "2014.??.??"]
[WhiteTeam "SC NT Nürnberg 4"]
[BlackTeam "SV Lauf 1"]

1. e4 e6 2. d4 d5 3. exd5 exd5 4. Bd3 Bd6 5. Qf3 Ne7 6. Bf4 Nbc6 7. c3 Bxf4 8.
Qxf4 Ng6 9. Qg3 Qe7+ 10. Ne2 O-O 11. O-O Be6 12. Nd2 Rad8 13. Rfe1 Qd6 14. Qxd6
Rxd6 15. Nf1 Nce7 16. Ne3 c6 17. g3 Bh3 18. f3 h5 19. Kf2 Rf6 20. Ng1 Bd7 21.
h4 Nc8 22. Re2 Nd6 23. Rae1 Re8 24. Ng2 Rxe2+ 25. Nxe2 Bf5 26. Bxf5 Rxf5 27.
Nef4 Nxf4 28. Nxf4 Kf8 29. Re2 g6 1/2-1/2

[Event "SV Lauf 1-SC NT Nuernberg 4"]
[Site "?"]
[Date "2014.10.12"]
[Round "2.2"]
[White "Leopold, Christian"]
[Black "Maettig, Stefan"]
[Result "1-0"]
[WhiteElo "1962"]
[BlackElo "1925"]
[PlyCount "56"]
[EventDate "2014.??.??"]
[WhiteTeam "SV Lauf 1"]
[BlackTeam "SC NT Nürnberg 4"]

1. e4 d6 2. d4 Nf6 3. Nc3 g6 4. Be3 Bg7 5. Qd2 O-O 6. O-O-O c6 7. Bh6 b5 8. Bd3
e5 9. dxe5 dxe5 10. h4 Bxh6 11. Qxh6 Ng4 12. Qd2 Qb6 13. Nh3 Kg7 14. h5 Nd7 15.
f3 Ne3 16. Rde1 Nc4 17. Bxc4 bxc4 18. Nf2 Nf6 19. Nfd1 Qc7 20. hxg6 fxg6 21.
Na4 a5 22. Ne3 Be6 23. Qc3 Rab8 24. Nc5 Qf7 25. Qxe5 Rfe8 26. Nxe6+ Rxe6 27.
Qc3 a4 28. Nxc4 Kg8 1-0

[Event "SV Lauf 1-SC NT Nuernberg 4"]
[Site "?"]
[Date "2014.10.12"]
[Round "2.4"]
[White "Fiedler, Lars"]
[Black "Junk, Philipp"]
[Result "1-0"]
[WhiteElo "2057"]
[BlackElo "1831"]
[PlyCount "39"]
[EventDate "2014.??.??"]
[WhiteTeam "SV Lauf 1"]
[BlackTeam "SC NT Nürnberg 4"]

1. e4 c5 2. Nc3 Nc6 3. f4 e6 4. Nf3 d5 5. Bb5 dxe4 6. Bxc6+ bxc6 7. Nxe4 Ba6 8.
d3 Nf6 9. Be3 Nd5 10. Qe2 c4 11. dxc4 Nxe3 12. Qxe3 Bxc4 13. Ne5 Bb5 14. c4 Ba6
15. O-O Qc7 16. Ng5 Bd6 17. Ngxf7 Bxe5 18. Nxe5 O-O-O 19. Rad1 Bb7 20. Qxa7 1-0

[Event "SV Lauf 1-SC NT Nuernberg 4"]
[Site "?"]
[Date "2014.10.12"]
[Round "2.5"]
[White "Rabenstein, Christian"]
[Black "Bayer, Marius"]
[Result "0-1"]
[WhiteElo "1727"]
[BlackElo "1920"]
[PlyCount "45"]
[EventDate "2014.??.??"]
[WhiteTeam "SC NT Nürnberg 4"]
[BlackTeam "SV Lauf 1"]

1. c4 Nf6 2. Nc3 d5 3. cxd5 Nxd5 4. g3 e5 5. Bg2 c6 6. Qb3 Nb6 7. Qc2 Be6 8.
Nf3 f6 9. O-O N8d7 10. d4 Qc7 11. dxe5 Nxe5 12. Nxe5 Qxe5 13. Bf4 Qc5 14. e4
Be7 15. Rad1 O-O 16. b3 Rad8 17. Be3 Qa5 18. Ne2 c5 19. Nf4 Bf7 20. Bd2 Qb5 21.
Bc3 c4 22. bxc4 Qxc4 23. Qb3 0-1

[Event "SV Lauf 1-SC NT Nuernberg 4"]
[Site "?"]
[Date "2014.10.12"]
[Round "2.6"]
[White "Daumin, Jan"]
[Black "Heinrich, Leon"]
[Result "1-0"]
[WhiteElo "1726"]
[BlackElo "1490"]
[PlyCount "41"]
[EventDate "2014.??.??"]
[WhiteTeam "SV Lauf 1"]
[BlackTeam "SC NT Nürnberg 4"]

1. e4 b6 2. d4 Bb7 3. Nc3 e6 4. g3 Nf6 5. Bg2 Bb4 6. f3 c5 7. Nge2 d5 8. O-O
cxd4 9. Nxd4 Bxc3 10. bxc3 dxe4 11. Ba3 Nbd7 12. Nb5 Nc5 13. Nd6+ Ke7 14. Nxb7
Qc7 15. Nxc5 bxc5 16. fxe4 Rad8 17. Qe2 Rhe8 18. e5 Nd5 19. Qf2 Kf8 20. Bxc5+
Kg8 21. c4 1-0

[Event "SV Lauf 1-SC NT Nuernberg 4"]
[Site "?"]
[Date "2014.10.12"]
[Round "2.7"]
[White "Hoffmann, Sebastian"]
[Black "Scherb, Ansgar"]
[Result "1/2-1/2"]
[WhiteElo "1786"]
[BlackElo "1793"]
[PlyCount "120"]
[EventDate "2014.??.??"]
[WhiteTeam "SC NT Nürnberg 4"]
[BlackTeam "SV Lauf 1"]

1. e4 e5 2. Nf3 Nf6 3. Nc3 Nc6 4. d4 exd4 5. Nd5 Nxd5 6. exd5 Bb4+ 7. Bd2 Qe7+
8. Be2 d3 9. dxc6 dxe2 10. cxd7+ Bxd7 11. Qxe2 Qxe2+ 12. Kxe2 Bb5+ 13. Ke1
Bxd2+ 14. Kxd2 O-O-O+ 15. Kc3 Rhe8 16. Rhe1 f6 17. Nd4 Bd7 18. h3 c5 19. Nb3 b6
20. Rad1 Be6 21. Rxd8+ Kxd8 22. Kd2 Kc7 23. Re4 Rd8+ 24. Kc3 Rd6 25. Re3 Kc6
26. Nc1 b5 27. Rd3 b4+ 28. Kd2 c4 29. Rxd6+ Kxd6 30. c3 a5 31. Ne2 Ke5 32. Ke3
g5 33. Nd4 Bd7 34. cxb4 axb4 35. Nc2 Bc6 36. g3 b3 37. axb3 cxb3 38. f4+ Kd6
39. Nd4 Bd5 40. Kd3 Bg2 41. h4 gxh4 42. Nf5+ Kd5 43. Ne3+ Kc5 44. gxh4 Bh3 45.
Kc3 Be6 46. f5 Bf7 47. Ng4 Kd6 48. Nxf6 Ke5 49. Ng4+ Kd6 50. Nh6 Bd5 51. f6 Ke6
52. Kd4 Bf3 53. f7 Ke7 54. Ke5 Bh5 55. Kd5 Be2 56. Ke5 Bh5 57. Kf5 Bxf7 58.
Nxf7 Kxf7 59. Kg5 Kg7 60. h5 h6+ 1/2-1/2

[Event "SV Lauf 1-SC NT Nuernberg 4"]
[Site "?"]
[Date "2014.10.12"]
[Round "2.8"]
[White "Zach, Andreas"]
[Black "Faralisz, Patrick"]
[Result "1-0"]
[WhiteElo "1820"]
[BlackElo "1687"]
[PlyCount "65"]
[EventDate "2014.??.??"]
[WhiteTeam "SV Lauf 1"]
[BlackTeam "SC NT Nürnberg 4"]

1. d4 d5 2. Bg5 c6 3. Nd2 Qb6 4. Nb3 h6 5. Bd2 Qc7 6. Nf3 Nf6 7. Bb4 Nbd7 8. e3
b6 9. Rc1 a5 10. Ba3 e6 11. Bxf8 Nxf8 12. c4 Ba6 13. cxd5 exd5 14. Bxa6 Rxa6
15. Qd3 Ra8 16. a4 Ng6 17. O-O O-O 18. Rc2 Rac8 19. Rfc1 Qb7 20. Ne5 Nxe5 21.
dxe5 Nd7 22. f4 Rc7 23. Nd4 Nc5 24. Qa3 Rfc8 25. Nf5 Ne4 26. Qd3 c5 27. Qe2 Rc6
28. Qg4 Rg6 29. Ne7+ Qxe7 30. Qxc8+ Kh7 31. Qf5 Qh4 32. Qxf7 Qh3 33. Qxg6+ 1-0